000 01125cam a2200253 4500
001 14962
005 20230410103520.0
008 060907n1960 dr spa
035 _a9681608216
035 _9funglode15087
041 _aspa
050 1 4 _a118 PQ 7409
_bH519o 1960
100 1 _aHenríquez Ureña, Pedro
130 1 _aBiblioteca Américana ( proyectada por Pedro H. Ureña y publicada en su memoria).
245 1 0 _aObra crítica /
_cPedro Henríquez Ureña; edic., bibliografía e índice onomástico por Emma Susana Speratti Piñero; prólogo de Jorge Luis Borges.
260 _aMéxico :
_bFondo De Cultura Económica,
_c1960.
300 _a844 p.; 21cm.
440 0 _aLiteratura moderna / Pensamiento y acción.
500 _aCrono bibliografía e índice onomástico.
505 _aContiene:ensayos crítico- horas de estudio - en la orilla. Mi España - seis ensayos en busca de nuestra expresión - la cultura y las letras coloniales en Santo Domingo - plenitud de España - antologia de artículo y conferencias.
650 4 _aCFB
650 4 _aColección Font Bernard
942 _2lcc
_cbk
999 _c20367
_d20367